书目信息 |
| 题名: |
《孙子》古本研究
|
|
| 作者: | 李零 | |
| 分册: | ||
| 出版信息: | 北京 北京大学出版社 1995 |
|
| 页数: | 327页 | |
| 开本: | 20cm | |
| 丛书名: | ||
| 单 册: | ||
| 中图分类: | B226.9 | |
| 科图分类: | ||
| 主题词: | 先秦哲学 | |
| 电子资源: | ||
| ISBN: | 7-301-02746-X | |
| 000 | 00491nam0 2200181 450 | |
| 001 | 0728815141 | |
| 005 | 20070819080015.14 | |
| 010 | @a7-301-02746-X@d¥18.50 | |
| 100 | @a20070819d km y0chiy0120 ea | |
| 101 | 0 | @achi |
| 200 | 1 | @a《孙子》古本研究@A《sun zi》gu ben yan jiu@f李零@Fli ling |
| 210 | @a北京@c北京大学出版社@d1995 | |
| 215 | @a327页@d20cm | |
| 606 | 0 | @a先秦哲学 |
| 690 | @aB226.9@v3 | |
| 701 | 0 | @a李零@Ali ling |
| 801 | 0 | @aCN@bPFT@c20070819 |
| 905 | @a213230@dB226.9@eZW55@f1 | |
| 《孙子》古本研究/李零.-北京:北京大学出版社,1995 |
| 327页;20cm |
| ISBN 7-301-02746-X:¥18.50 |
| ● |
| 相关链接 |
|
|
|
|
正题名:《孙子》古本研究
索取号:B226.9/ZW55
 
预约/预借
| 序号 | 登录号 | 条形码 | 馆藏地/架位号 | 状态 | 备注 |
| 1 | 7600130 | 276001309 | 密集书库-资源管理系/ [索取号:B226.9/ZW55] | 在馆 |